000 00859nam a2200205 a 4500
001 000041409
005 20201002034850.0
008 131002s2000 sp 000 0 spa d
020 _a8400079787
040 _aDO-SdBNP
_bspa
_cBNPHU
245 0 0 _aEspaña y la República Romana 1849 /
_ced. Manuel Espadas Burgos.
260 _aRoma :
_bEscuela Española de Historia y Arqueología en Roma,
_bConsejo Superior de Investigaciones Científicas,
_c2000.
300 _a143 p. ;
_c24 cm.
490 1 _aTexto en italiano y español
_v1
504 _aIncluye referencias bibliográficas y notas al pie de las páginas
700 1 _aEspadas Burgos, Manuel
_eed.
_915130
710 2 _aConsejo Superior de Investigaciones Científicas
_94786
710 2 _bEscuela Española de Historia y Arqueología en Roma,
_965401
830 0 _aTexto en italiano y español
_v1
_968066
999 _c40899
_d40899